Utekajme, STV sa na nás pozerá-

Bibliographic Details
Main Author: Kasarda, Štefan, 1935-2006 (Author)
Format: Article
Language:Slovak
ISSN:1335-7786
Subjects:

MARC

LEADER 00000nab a2200000 a 4500
001 vtls000868244
003 SK-MaSNL
005 20260303210128.0
008 131021c2004 xo 0 slo
015 |a SNBRB2004/04-10671 
035 |a CLN000219796 
040 |a SNKBUCL  |b slo  |c SNKBUCL  |e AACR2 
041 0 |a slo 
044 |a xo  |c SK 
080 |a 7.097(437.6):811.162.4.1/.2  |2 1997 
080 |a 811.162.4`271.1/.2  |2 1997 
080 |a 81`271.1/.2:811.162.4  |2 1997 
100 1 |a Kasarda, Štefan,  |d 1935-2006  |4 aut  |9 106467 
245 1 0 |a Utekajme, STV sa na nás pozerá-  |c Štefan Kasarda 
610 7 |a Slovenská televízia  |2 snkbucl  |9 115516 
650 0 7 |a jazyková kultúra  |2 snkbucl  |9 1395 
655 7 |a články z novín a časopisov  |2 snkbucl  |9 267496 
773 0 |t Slovenské pohľady  |g Roč. 4+120, č. 3 (2004), s. 146-147  |x 1335-7786 
850 |a Slovenská národná knižnica v Martine 
852 |a SNK  |b KIS3GCP 
992 |a RBX 
999 |c 2198916  |d 2200846